000 00470nam a2200145Ia 4500
008 230917s9999||||xx |||||||||||||| ||und||
040 _e188674
_aMAIN
041 _aEnglish
082 _a657.45 H266R
100 _aComplroller and Auditor General of India
245 0 _aBharat ke Niyantrak-Mahalekhaprikshak ka pratipadan: 31 March 1996 ko smapat varash Sankhya 3 (Civil)
260 _aPanchakula
_bHaryana Rajkiya Pustak Press
_c1977
300 _a218 p.
942 _cBK
999 _c80290
_d80290